000
00194 a2200097 4500
020
_a
7592265001517
041
_a
spa
100
_a
Aaron Alboukrek
245
_a
Mi primer diccionario
942
_c
BK
999
_c
29460
_d
29458